00808nam a2200229Ia 4500003000400000005001700004008004100021020002200062040000700084041000800091082002200099100004400121245007700165260003600242300001500278365001700293650002500310906007200335942001200407999001900419952014000438OSt20230502145837.0210423s2012 xx 000 0 und d a978-0-85702-570-8 cAL aeng a302.23 223bLUNM aLUNT (Peter);LIVINGSTONE (Sonia)996171 aMedia regulation: governance and the interests of citizens and consumers aLondonbSage Publicationsc2012 axv,216bPB b2726.22cINR aCommunication996172 acitizens ; consumers ; governance ; interests ; Media ; regulation: 2ddccBK c170682d170682 001040708MAJMCaSACPGbSACPGd2020-03-05eBiblios Book Pointg2726.22l0o302.23 LUNMpPG017184r2022-08-24 00:00:00w2021-04-26yBK